00333pab a2200133 454500008004000000100001800040245005400058260000900112300001300121362000800134650002300142700002300165773001100188180718b2011 xxu||||| |||| 00| 0 eng d aSaravanan, M. aServices sector: Growth trends in services sector c2011 ap.13-16. aSep aService industries aChandrasekaran, B. aYojana